Statistics for 2014-2015 Liverpool FC Players

Click here to take the quiz!

General Stats

  • This quiz has been taken 342 times
    (177 since last reset)
  • The average score is 21 of 39

Answer Stats

JerseyPlayer% Correct
8Steven Gerrard
90%
22Simon Mignolet
87%
14Jordan Henderson
86%
15Daniel Sturridge
83%
10Philippe Coutinho
81%
2Glen Johnson
78%
37Martin Škrtel
77%
31Raheem Sterling
75%
6Dejan Lovren
74%
18Alberto Moreno
73%
1Brad Jones
72%
51Lloyd Jones
71%
20Adam Lallana
70%
17Mamadou Sakho
70%
9Rickie Lambert
70%
45Mario Balotelli
69%
23Emre Can
63%
33Jordan Ibe
63%
21Lucas Leiva
62%
24Joe Allen
61%
3José Enrique
61%
4Kolo Toure
61%
38Jon Flanagan
57%
50Lazar Marković
54%
29Fabio Borini
50%
19Javier Manquillo
40%
46Jordan Rossiter
37%
52Danny Ward
31%
44Brad Smith
27%
54Sheyi Ojo
26%
48Jerome Sinclair
24%
47Andre Wisdom
21%
32Cameron Brannagan
21%
16Sebastián Coates
20%
36Samed Yeşil
17%
53João Carlos Teixeira
14%
26Tiago Llori
14%
49Jordan Williams
11%
41Jack Dunn
6%

Score Distribution

Percentile by Number Answered

Percent of People with Each Score

Your Score History

You have not taken this quiz since the last reset